Turkish Grand Prix Winners (Formula 1) - Statistics

General Stats
  • This quiz has been taken 332 times
  • The average score is 6 of 7
Answer Stats
Year Winner % Correct
2011 Sebastian Vettel
98%
2010 Lewis Hamilton
96%
2009 Jenson Button
95%
2005 Kimi Raikkonen
91%
2006 Felipe Massa
89%
2007 Felipe Massa
89%
2008 Felipe Massa
89%
No matching quizzes found
Score Distribution
Percent of People with Each Score
Percentile by Number Answered
Your Score History
You have not taken this quiz